| 000 | 00951nas a2200325 4500 | ||
|---|---|---|---|
| 001 | BR9607090 | ||
| 003 | BR-BrBNA | ||
| 005 | 20231205095926.0 | ||
| 007 | ta | ||
| 008 | 230509b bl.|||p| |||| 00| 00por d | ||
| 040 |
_aBR-BrBNA _bpor _cBiblioteca Nacional de Agricultura |
||
| 041 | _a(Pt) | ||
| 072 | _aH20 | ||
| 100 | 1 | _aRibeiro, G.P. | |
| 100 | 1 | _aSantos, R.C. | |
| 100 | 1 | _aAndrade, G.P. | |
| 100 | 1 | _aAssis Filho, F.M. | |
| 100 | 1 | _aKitajima, E.W. | |
| 100 | 1 | _aOliveira, F.C. | |
| 100 | 1 | _aPadovan, I.P. | |
| 100 | 1 | _aDemski, J.W. | |
| 245 | 1 | _aIsolamento e erradicacao do "Peanut stripe potyvirus" em amendoim (Arachis hypogaea)no estado do Paraiba | |
| 650 | _aAmendoim | ||
| 650 | _aVirus | ||
| 650 | _aErradicacao | ||
| 650 | _aParaiba | ||
| 773 | 0 |
_tFitopatologia Brasileira (Brazil) _xISSN 0100-4158 _g(Jun 1996), v. 21(2) p. 289-291 _wBR9607090 |
|
| 909 |
_a202311 _bLúcia _c55 _dLúcia Elande |
||
| 942 |
_2AGRIS _n0 _cANA |
||
| 999 |
_c153486 _d153486 |
||